000 00810 a2200193 4500
020 _a8171944442
_c370.00
035 _aB-210784
037 _bRP-M-8 / PANSY-07-08:3 / RP-07-08:ENG
082 1 4 _a336.24
090 _c2043
_d2043
100 1 _aSinghania, Vinod K.
245 1 _aTaxmann student's guide to income tax including central sales tax CA (PE-II, May/Nov., 2007)/CS (Inter, June 2007)/ICWA(Inter, June, 2007)
_cby Vinod K. Singhania, Monica Singhania
250 _a36th ed
260 _aNew Delhi
_bTaxmann Publications
_c2006
270 _a59/32, New Rohtak Road
_bNew Delhi
_cDelhi
_e110005
_k28714449
_l28715041
_msales@taxmann.com
300 _axvi, 1125 p
_c24 cm (pbk)
942 _adpl
_cEN
_k336.24 / SIN
999 _c2009
_d2009